Deutsche Städte als Enklaven - Statistiken

Allgemein
  • Dieses Quiz wurde 66 mal gespielt
  • Das Durchschnittsergebnis liegt bei 16 aus 25
Antwortstatistiken
BL kreisfreie Stadt umgebender Landkreis % Korrekt
BY Bamberg LK Bamberg
86%
BY Bayreuth LK Bayreuth
83%
BY Würzburg LK Würzburg
83%
MV Rostock LK Rostock
81%
BY Hof LK Hof
78%
TH Weimar Weimarer Land
73%
BB Cottbus Spree-Neiße
71%
BY Regensburg LK Regensburg
71%
SH Flensburg Schleswig-Flensburg
69%
RP Trier Trier-Saarburg
69%
BY Rosenheim LK Rosenheim
66%
BY Landshut LK Landshut
64%
BY Coburg LK Coburg
63%
BW Heilbronn LK Heilbronn
63%
BY Amberg Amberg-Sulzbach
61%
BY Schweinfurt LK Schweinfurt
61%
BY Ansbach LK Ansbach
58%
BY Kempten Oberallgäu
58%
BW Baden-Baden Rastatt
56%
SA Halle (Saale) Saalekreis
53%
BY Weiden i. d. Oberpfalz Neustadt an der Waldnaab
51%
BY Kaufbeuren Ostallgäu
46%
RP Pirmasens Südwestpfalz
42%
BY Straubing Straubing-Bogen
42%
NI Wilhelmshaven Friesland
27%
Keine übereinstimmenden Quizze gefunden
Verteilung der Resultate
Anzahl Personen mit jedem Resultat
Perzentil nach korrekt beantworteten Fragen
Ihre Resultats-Entwicklung
Sie haben dieses Quiz noch nicht gespielt